000 01004nam a2200205 a 4500
001 BRCA_3664
005 20190320204355.0
008 020909s1968----mx-#---###---#000-0#spa-#
041 _aspa
044 _amx
050 4 _aZ701
_b.B47 1968
100 1 _aBeristáin de Salinas, Helena
_99512
245 1 0 _aMétodo de restauración de libros y documentos
_csíntesis por Helena Beristáin de Salinas.
260 _aMéxico
_bUNAM. Instituto de Investigaciones Bibliográficas
_c1968
300 _a53 p.
_c27 cm.
440 0 _aManuales de la Biblioteca Nacional
_v1
_99513
500 _aTraducción extractada de la obra Patología e terapia del libro, de Alfonso Gallo, Ed. Raggio, de Roma, 1951; con adiciones tomadas del folleto I microbi (Le monografie di riforma della scuola) y notas recogidas personalmente, sobre la práctica, por Helena Beristáin, en el Instituto de Patología del Libro, Alfonso Gallo, de Roma, en 1960
650 1 4 _aLibros
_xConservación y restauración
_91352
942 _2lcc
_cB
999 _c3396
_d3396